000 00300nam a22001337a 4500
008 170519b xxu||||| |||| 00| 0 eng d
020 _a9780199858989
041 _aeng
080 _a94(100)
100 _a16
101 _aSHH
245 _aPATTERNS OF WORLD HISTORY
_cSIVERS, P.V
942 _2udc
_cBK
999 _c13491
_d13491